Horizont události

Hlavní autor: Štěpán, Petr, 1962-
Korporativní autor: XIII. století (hudební skupina)
Další autoři: Kameníková, Kateřina
Jazyk: Čeština
Vydáno: Praha : Parlophone, p2013
Témata:
Fyzický popis: 3 zvuková desky : digital ; 12 cm
Zvukové nahrávky
Uloženo v:
LEADER 02748njm a2200565 a 4500
001 001362830
003 CZ BrMZK
005 20140220141439.0
007 sd fsngnnmmned
008 140128s2013 xr munng ef n cze d
015 |a cnb002534786 
024 3 |a 5099940908328 
028 0 1 |a 409083-2  |b Parlophone 
028 0 3 |a 409084-2  |b Parlophone 
028 0 3 |a 409085-2  |b Parlophone 
028 0 3 |a 409086-2  |b Parlophone 
040 |a BOA001  |b cze 
041 0 |d cze  |g cze 
045 |a x9y2 
047 |a rc  |a zz  |a pp 
072 7 |a 784  |x Vokální hudba  |2 Konspekt  |9 9 
080 |a 78.036  |2 MRF 
080 |a 782  |2 MRF 
080 |a 789.983  |2 MRF 
080 |a 78.03.011.26  |2 MRF 
080 |a (086.76)  |2 MRF 
100 1 |a Štěpán, Petr,  |d 1962-  |7 xx0008791  |4 cmp  |4 lyr  |4 sng  |4 itr  |4 pro 
245 1 0 |a Horizont události  |h [zvukový záznam] /  |c featuring Petr Štěpán 
260 |a Praha :  |b Parlophone,  |c p2013 
300 |a 3 zvuková desky :  |b digital ;  |c 12 cm 
500 |a Název z pouzdra 
500 |a Hudba a texty Petr Štěpán 
500 |a Kompaktní desky 
505 0 0 |t Horizont události.  |t Faust  |g (New, 2013) ;  |t Horizont události ;  |t Femme fatale ;  |t Svátek hladových ;  |t Andy Warhol ;  |t Zodiak ;  |t Hvězdy chtějí patřit tobě ;  |t Iglau  |g (final mix) ;  |t Justina  |g (symphony version) ;  |t Ten starý dům se rozpadá ;  |t Legenda o krysaři 
505 0 0 |t Divadelní a scénická hudba.  |t Kupec benátský.  |t Shylock ;  |t Tančírna ;  |t Dóže --  |t Masky v Benátkách.  |t Temnota ;  |t Zvonky  |t Kouzlo --  |t Komedie omylů.  |t Soudce a kat ;  |t Atmosféra světa ;  |t Kurtizána ;  |t Zamilovaná ;  |t Vyznání ;  |t Procitnutí ;  |t Vzpomínky ;  |t Záhada ;  |t Cesta po moři ;  |t Shledání --  |t Jindřích V.  |t Jindřích V. ;  |t Blood is life --  |t Přízraky  |g (EP 2013).  |t Ve stínech ;  |t Zrcadla ;  |t Baletka ;  |t Reinkarnace 
505 0 0 |t Projekt "Hindenburg".  |t Bohové na strojích  |g (special track) ;  |t Piper Alpha ;  |t Solaris ;  |t Phantom ;  |t Nostromo ;  |t Tank's not dead ;  |t V oblacích ;  |t Nautilus ;  |t Casandra Express ;  |t Vzdušný tanec ;  |t Black Helicopters ;  |t Zhroucení vertikál 
511 1 |a XIII. století ; Petr Štěpán ; Kateřina Kameníková 
648 7 |a 1991-2020  |7 ch771949  |2 czenas 
648 4 |a 1991-2013 
650 0 7 |a gothic rock  |7 ph735285  |2 czenas 
650 0 7 |a scénická hudba  |7 ph125443  |2 czenas 
650 0 7 |a elektronická hudba  |7 ph114446  |2 czenas 
650 0 7 |a populární hudba  |y 1991-2020  |7 ph124352  |2 czenas 
655 7 |a kompaktní desky  |7 fd201991  |2 czenas 
700 1 |a Kameníková, Kateřina  |4 itr 
710 2 |a XIII. století (hudební skupina)  |7 ko2004219517 
910 |a BOA001  |b CDR-1320.127 
990 |a AV 
991 |b 201402  |g g 
996 6 |b 2610579311  |c CDR-1320.127  |l MZK  |r Sklad / do 24 hodin  |n 0  |p p.v.  |w 001397698  |u 000010  |a 1  |e BOA001  |j MZK50  |s P